Statistics for 2018 FIFA World Cup Final France - Croatia

Click here to take the quiz!

General Stats

  • This quiz has been taken 717 times
  • The average score is 20 of 29

Answer Stats

Player% Correct
Hugo Lloris
98%
Kylian Mbappé ¹
98%
Antoine Griezmann ¹
97%
Luka Modrić
96%
Olivier Giroud
94%
Paul Pogba ¹
93%
Raphaël Varane
89%
Mario Mandžukić ¹
88%
N'Golo Kanté
88%
Benjamin Pavard
87%
Ivan Perišić ¹
87%
Lucas Hernandez
82%
Samuel Umtiti
82%
Didier Deschamps
78%
Ivan Rakitić
76%
Domagoj Vida
70%
Danijel Subašić
68%
Blaise Matuidi
67%
Dejan Lovren
64%
Marcelo Brozović
62%
Ante Rebić
49%
Šime Vrsaljko
44%
Andrej Kramarić
41%
Nabil Fekir
34%
Corentin Tolisso
32%
Zlatko Dalić
32%
Ivan Strinić
29%
Steven Nzonzi
29%
Marko Pjaca
15%

Score Distribution

Percentile by Number Answered

Percent of People with Each Score

Your Score History

You have not taken this quiz